Democracia, economía y sociedad /

La recuperación de la democracia el 10 de diciembre de 1983 no implicó la inmediata reconquista de la soberanía de la política económica: la dictadura había dejado una economía condicionada por la deuda externa, con el aparato productivo del Estado desmantelado. Nos detenemos en algunos momentos que...

Descripción completa

Guardado en:
Autor Principal: Randazzo, Federico
Autor Corporativo: Canal Encuentro.
Otros Autores: Carnaghi, Roberto; Locución:.
Formato: Deslizar
Publicado: Argentina, 2013
Series:Archivos de la Democracia
Materias:
Acceso en línea:https://www.educ.ar/recursos/120684/democracia-economia-y-sociedad
Etiquetas: Agregar Etiqueta
Sin Etiquetas, Sea el primero en etiquetar este registro!
LEADER 01858ngm a22003735g 4500
001 CEM.cems023620
008 130507s2013##################0###0#####d
005 20250617172933.0
245 1 0 |a Democracia, economía y sociedad /  |c Federico Randazzo. 
260 |a Argentina,  |c 2013 
300 |a 27'. 
490 0 |a Archivos de la Democracia 
520 |a La recuperación de la democracia el 10 de diciembre de 1983 no implicó la inmediata reconquista de la soberanía de la política económica: la dictadura había dejado una economía condicionada por la deuda externa, con el aparato productivo del Estado desmantelado. Nos detenemos en algunos momentos que grafican la situación, como la "economía de guerra" -planteada por Alfonsín-, el Plan Austral y el Primavera, la última semana de mayo de 1989, la hiperinflación de 1991, la convertibilidad, la llegada de Domingo Cavallo y su estrategia disciplinadora del terror económico, y la crisis del 2001, entre otros. ¿De qué manera y a qué costo se recuperó, durante el siglo XXI, el papel del Estado como regulador de la economía argentina? 
500 |a Consultar en ventanilla. 
538 |a Soporte: DVD - Color: Si - Grabación DRD. 
100 1 |a Randazzo, Federico 
700 1 |a Carnaghi, Roberto; Locución:. 
710 2 |a Canal Encuentro. 
082 3 4 |/ RAN 
653 |a SOCIEDAD 
653 |a DEMOCRACIA 
653 |a INSTRUCCION CIVICA 
653 |a POLITICA 
653 |a DERECHO 
653 |a DERECHO CONSTITUCIONAL 
653 |a HISTORIA 
653 |a HISTORIA ARGENTINA 
653 |a ECONOMIA 
653 |a SOCIEDAD 
653 |a ALFONSIN 
653 |a HIPERINFLACION 
653 |a SERIE DE TELEVISIÓN 
856 |u https://www.educ.ar/recursos/120684/democracia-economia-y-sociedad 
859 |a CEMS  |b BIB. CEMS - Depto. Recursos Didacticos  |h 342  |i RAN  |k DRD  |p 2263.15  |t Ej.1